| 000 | 00860nam a22002057a 4500 | ||
|---|---|---|---|
| 005 | 20251006123215.0 | ||
| 008 | 251003b ck ||||| |||| 00| 0 spa d | ||
| 020 | _a6120775 | ||
| 050 | 0 | 4 |
_aNA21 _bV35 1992 |
| 245 | 0 | 0 |
_aValoración e inventario de la arquitectura contextual no monumental _c/ edición Rymel Eduardo Serrano y Mario Jursich Durán. |
| 250 | _a1a ed. | ||
| 260 |
_aSanta Fe de Bogotá : _bInstituto Colombiano de Cultura, _c1991. |
||
| 300 |
_a140 p. : _bil. ; _c28 cm. |
||
| 504 | _aIncluye bibliografía e índice. | ||
| 611 | 2 | 4 |
_aMemorias del simposio latinoamericano sobre valoración e ínventario de la arquitetura contextual no monumental _d( Mayo 1991 : _cSanta Fe de Bogotá) |
| 650 | 7 |
_2lemb _aArquitectura _vCongresos |
|
| 700 | 1 |
_aSerrano, Rymel Eduardo, _eeditor |
|
| 700 | 1 |
_aJursich Durán, Mario, _eeditor |
|
| 942 |
_2lcc _cLIB |
||
| 999 |
_c136241 _d136241 |
||